Office furniture : 1999 market report.
| Format: | Book |
|---|---|
| Published: |
Hampton:
Key Note,
1999.
|
| Edition: | 15th ed. |
| Subjects: |
| LEADER | 00535cam a2200169 7i4500 | ||
|---|---|---|---|
| 001 | 0000007552 | ||
| 005 | 20000825090000.0 | ||
| 020 | 0 | 0 | |a 1857659023 |
| 090 | 0 | 0 | |a UK 684.1 |b OFF P 684.1 |b OFF |
| 245 | 0 | 0 | |a Office furniture : |b 1999 market report. |
| 250 | 0 | 0 | |a 15th ed. |
| 260 | 0 | 0 | |a Hampton: |b Key Note, |c 1999. |
| 300 | # | # | |a 78 p. |
| 650 | 0 | 0 | |a Office furniture -- |x Markets -- |z United Kingdom |
| 650 | 0 | 0 | |a Furniture -- |x Markets -- |z United Kingdom |
| 651 | 0 | 0 | |a United Kingdom |
| 999 | |a B000011104 |b Book |c Countries |e Business Information Centre | ||


